Представление документа в формате RUSMARC

ПолеНазваниеЗначение
  Тип записи a
  Библиографический уровень m
001 Контрольный номер RU/CBS_UL/BASE/555172640
005 Дата корректировки 20240209174734.7
010 Индекс ISBN __
d Цена 40 к.
9 Тираж 90 000 экз.
100 Данные общей обработки __
a Данные общей обработки 20170804d2017 ||| 0rusy0189 ca
101 Язык документа 0_
a Язык текста rus
102 Страна публикации __
a Страна публикации RU
105 Кодированные данные (монография) __
a Кодированные данные (монография) y###||||000|y
181 Поле кодированных данных: вид содержания _1
a Код вида содержания (ISBD) i#
b Код характеристики содержания (ISBD) #xxe##
d i
g x
h x
i e
2 Код системы (источник кода, отличный от ISBD) isbdcontent
182 Поле кодированных данных: тип средства _1
a Код типа средства (ISBD) n
2 Код системы (источник кода, отличный от ISBD) isbdmedia
200 Заглавие и сведения об ответственности 1_
a Заглавие По стране литературии
b Общее обозначение материала Текст
e Сведения, относящиеся к заглавию этюды
f Первые сведения об ответственности В. Г. Дмитриев
w Текст (визуальный) : непосредственный
203 Вид содержания и тип средства __
a Вид содержания Текст
b Характеристика содержания визуальный
c Тип средства непосредственный
210 Выходные данные 1_
a Место издания Москва
c Издательство Московский рабочий
d Дата издания 1987
215 Физическое описание __
a Объем 236, [1] с.
c Иллюстрации/тип воспроизводства ил.
d Формат 17 см.
300 Общие примечания __
a Общие примечания Ограничения по возрасту - 16+
300 Общие примечания __
a Общие примечания Под инв. номером 22933: Цс-2, 1-1, 2-1, 3-1, 6-1, 8-2, 13-1, 15-1, 17-1, 18-1, 21-1, 21н-1, 28-1
606 Тематические рубрики 0_
a Основная рубрика Литература
610 Ключевые слова 0_
a Ключевые слова история русской литературы
a Ключевые слова история книгопечатания
a Ключевые слова деятели русской культуры
a Ключевые слова история периодики
686 Индексы других классификаций __
a Классификационный индекс 76.1
2 Код системы ББК
686 Индексы других классификаций __
a Классификационный индекс 83.3(2Рос=Рус)1
2 Код системы ББК
700 Автор _1
a Фамилия Дмитриев
b Имя (инициалы) Валентин Григорьевич
g Полное личное имя В. Г.
801 Источник записи _0
a Страна RU
b Организация МБУК ЦБС
c Дата составления 20170804
g Правила каталогизации RCR
801 Источник записи _1
a Страна RU
b Организация МБУК ЦБС г. Ульяновска
c Дата составления 20170804
g Правила каталогизации RCR
899 Данные о местонахождении __
i Авторский знак Д 53
j Расстановочный фильтр 76.1
901 Тип документа __
t Тип документа m
910 Корректоры записи __
a Корректор записи Даудова